[Event "FIDE World Rapid-ch Open 2018"]
[White "Dreev, Aleksey"]
[Black "Nihal Sarin"]
[Site "St. Petersburg"]
[Round "14.46"]
[Annotator "ChessBase"]
[Result "1-0"]
[Date "2018.12.28"]
[WhiteElo "2670"]
[BlackElo "2576"]
[PlyCount "83"]
[TimeControl "900+10"]

1. d4 {[%emt 0:0:0]} Nf6 {[%emt 0:0:4]} 2. Nf3 {[%emt 0:0:0]} d5 {[%emt 0:0:9]
} 3. c4 {[%emt 0:0:0]} e6 {[%emt 0:0:1]} 4. Nc3 {[%emt 0:0:0]} dxc4 {[%emt 0:0:7]} 5. e4 {[%emt 0:0:0]} b5 {[%emt 0:0:9]} 6. e5 {[%emt 0:0:10]
} Nd5 {[%emt 0:0:2]} 7. Nxb5 {[%emt 0:0:1]} Nb6 {[%emt 0:0:0]} 8. Be2 {[%emt 0:0:8]} Be7 {[%emt 0:0:3]} 9. 0-0 {[%emt 0:0:2]} Nc6 {[%emt 0:0:1]
} 10. Qd2 {[%emt 0:0:8]} 0-0 {[%emt 0:0:26]} 11. Qf4 {[%emt 0:0:0]} Rb8 {[%emt 0:0:48]} 12. Qg3 {[%emt 0:0:50]} Kh8 {[%emt 0:0:7]} 13. Rd1 {[%emt 0:0:7]} Na4 {[%emt 0:2:5]} 14. Bxc4 {[%emt 0:1:44]} Ba6 {[%emt 0:0:56]
} 15. Nxa7 {[%emt 0:0:47]} Nxa7 {[%emt 0:0:1]} 16. Bxa6 {[%emt 0:0:1]
} Nxb2 {[%emt 0:0:1]} 17. Re1 {[%emt 0:1:8]} Qd5 {[%emt 0:0:0]} 18. a4 {[%emt 0:4:11]} c5 {[%emt 0:5:14]} 19. dxc5 {[%emt 0:1:7]} Bxc5 {[%emt 0:0:2]} 20. Ng5 {[%emt 0:1:14]} h6 {[%emt 0:4:9]} 21. Ne4 {[%emt 0:0:0]} Bd4 {[%emt 0:0:1]} 22. Bf4 {[%emt 0:0:29]} Nc6 {[%emt 0:1:52]} 23. Bb5 {[%emt 0:0:3]} Ne7 {[%emt 0:0:17]} 24. Nc3 {[%emt 0:2:32]} Qc5 {[%emt 0:0:43]
} 25. Ne4 {[%emt 0:0:3]} Qd5 {[%emt 0:0:0]} 26. Nc3 {[%emt 0:0:0]} Qc5 {[%emt 0:0:2]} 27. Rac1 {[%emt 0:0:1]} Nf5 {[%emt 0:0:32]} 28. Qf3 {[%emt 0:0:2]} Rfc8 {[%emt 0:0:20]} 29. Ne4 {[%emt 0:0:41]} Qb4 {[%emt 0:0:8]
} 30. Bd2 {[%emt 0:1:14]} Qe7 {[%emt 0:0:17]} 31. Ng3 {[%emt 0:0:0]} Rxc1 {[%emt 0:0:13]} 32. Rxc1 {[%emt 0:0:5]} Bxe5 {[%emt 0:0:8]} 33. Nxf5 {[%emt 0:0:11]} exf5 {[%emt 0:0:1]} 34. Qxf5 {[%emt 0:0:5]} Qd6 {[%emt 0:0:5]
} 35. Be3 {[%emt 0:0:26]} Rd8 {[%emt 0:0:30]} 36. a5 {[%emt 0:0:0]} Nd1 {[%emt 0:0:17]} 37. Bb6 {[%emt 0:0:18]} Qd2 {[%emt 0:0:13]} 38. Rc8 {[%emt 0:0:30]} Qe1+ {[%emt 0:0:11]} 39. Bf1 {[%emt 0:0:1]} Rxc8 {[%emt 0:0:10]
} 40. Qxc8+ Kh7 41. Qc2+ {[%emt 0:0:14]} g6 {[%emt 0:0:7]} 42. Qe2 {[%emt 0:0:5]} 1-0

[Event "FIDE World Rapid-ch Open 2018"]
[White "Zvjaginsev, Vadim"]
[Black "Fedoseev, Vladimir"]
[Site "St. Petersburg"]
[Round "14.47"]
[Annotator "TA"]
[Result "0-1"]
[Date "2018.12.28"]
[WhiteElo "2642"]
[BlackElo "2719"]
[PlyCount "122"]

1. e4 {} c5 2. Nc3 d6 3. d4 cxd4 4. Qxd4 Nc6 5. Bb5 (5. Qd2 g6 6. b3 Bh6 7. f4 f5 8. Bb2 Nf6 9. Bd3 Qa5 10. exf5 Bxf5 11. Nge2 Bxd3 12. Qxd3 {1-0 (42) Nakamura,H (2769)-Grischuk,A (2766)
Leuven 2018} )Nf6 6. Bg5 {B23: Closed Sicilian: Lines without g3} (6. e5 $5 Nd7 7. Bxc6 bxc6 8. exd6 $14 )Nd7 7. Qd2 a6 8. Be2 {The position is
equal.} h6 9. Be3 e6 10. a4 $146 ({Predecessor:} 10. f4 Be7 11. Nf3 b5 12. a3 {
1/2-1/2 (12) Jovanovic,Z (2539)-Palac,M (2578) Marija Bistrica 2011} )b6 11. Nf3 Bb7 12. 0-0 Be7 13. Rfd1 Qc7 14. Nd4 $36 { White is pushing.
} Na5 15. Ndb5 (15. f3 {seems wilder.} 0-0 16. Qe1 Bf6 17. Qg3 Kh8 18. Qf2 )axb5 16. Nxb5 Qc6 {White must now prevent ...0-0.} 17. Nxd6+ Qxd6 18. Qxd6 Bxd6 19. Rxd6 Nc6 ({Much weaker is} 19... Bxe4 20. Bb5 $14 )(19... 0-0-0 $15 )20. Bb5 $14 Rc8 21. Rad1 Nc5 22. Bxc5 ({Better is} 22. f3 $16 )bxc5 $11 23. Rd7 Ba8 24. Ra7 0-0 25. Rxa8 $1 { Remove Defender} Rxa8 26. Bxc6 { Endgame KRR-KRB} Rfd8 {} (26... Rad8 {with more
complications.} 27. Rc1 Rd4 28. Ra1 Rc8 29. Bb5 c4 )27. Rc1 Rab8 28. b3 Kf8 ({
Black should try} 28... c4 $11 29. bxc4 Rb2 )29. g3 (29. Bb5 $1 $14 )Ke7 30. e5 Rbc8 31. Bb5 Rd5 32. Re1 Kd8 33. Re3 Kc7 34. a5 Ra8 35. a6 Kb6 36. Bd3 Rad8 37. Kf1 R8d7 38. h4 h5 39. Kg2 Rd4 40. Kf3 Ka5 41. Kg2 R4d5 42. Kf3 Kb4 (42... Rd4 $1 $11 )43. Be4 $16 Rd1 44. Bb7 (44. Rd3 $1 $16 {} R1xd3+ 45. Bxd3 )Ra1 $11 45. Ke2 Rdd1 46. Kf3 Kb5 47. Re4 Kb6 48. Rf4 Rd7 49. b4 (49. Rc4 $11 )Ra3+ 50. Kg2 $1 Rc3 51. b5 $1 Rxc2 52. Ra4 $1 Rxb7 53. axb7 Kxb7 {KR-KR} 54. Rf4 c4 {} 55. Rxf7+ Kb6 56. Rxg7 Re2 {Strongly threatening ...c3.} 57. Kf1 Re4 {Hoping for ...c3.} 58. f3 $2 { [#]} (58. Rg8 $11 )c3 $1 $19 {Threatens to win with ...
Rc4.} 59. Rg8 {[#]} Rc4 $1 {Black mates.} 60. Ra8 c2 61. Ra1 Rb4 {Accuracy:
White = 50%, Black = 56%.} 0-1

[Event "FIDE World Rapid-ch Open 2018"]
[White "Jones, Gawain C B"]
[Black "Huzman, Alexander"]
[Site "St. Petersburg"]
[Round "14.48"]
[Annotator "ChessBase"]
[Result "1-0"]
[Date "2018.12.28"]
[WhiteElo "2682"]
[BlackElo "2580"]
[PlyCount "125"]
[TimeControl "900+10"]

1. e4 {[%emt 0:0:0]} e5 {[%emt 0:0:0]} 2. Nf3 {[%emt 0:0:0]} Nf6 {[%emt 0:0:0]
} 3. d4 {[%emt 0:0:3]} Nxe4 {[%emt 0:0:0]} 4. Bd3 {[%emt 0:0:0]} d5 {[%emt 0:0:7]} 5. Nxe5 {[%emt 0:0:2]} Nd7 {[%emt 0:0:7]} 6. 0-0 {[%emt 0:0:4]} Nxe5 {[%emt 0:0:40]} 7. dxe5 {[%emt 0:0:1]} Nc5 {[%emt 0:0:2]
} 8. Be3 {[%emt 0:0:2]} Nxd3 {[%emt 0:1:16]} 9. Qxd3 {[%emt 0:0:0]} c6 {[%emt 0:0:1]} 10. Nd2 {[%emt 0:0:25]} Be7 {[%emt 0:1:33]} 11. f4 {[%emt 0:0:4]} g6 {[%emt 0:0:2]} 12. c3 {[%emt 0:1:26]} Bf5 {[%emt 0:0:0]} 13. Qe2 {[%emt 0:0:2]} Qd7 {[%emt 0:0:1]} 14. Nb3 {[%emt 0:0:32]} b6 {[%emt 0:0:13]} 15. h3 {[%emt 0:0:17]} h5 {[%emt 0:2:13]} 16. Rad1 {[%emt 0:0:13]
} c5 {[%emt 0:0:24]} 17. Bf2 {[%emt 0:0:49]} Rd8 {[%emt 0:0:0]} 18. Nd2 {[%emt 0:2:11]} Qa4 {[%emt 0:0:12]} 19. Be3 {[%emt 0:3:19]} d4 {[%emt 0:2:20]} 20. cxd4 {[%emt 0:0:1]} cxd4 {[%emt 0:0:0]} 21. Bf2 {[%emt 0:0:8]
} d3 {[%emt 0:0:22]} 22. Qf3 {[%emt 0:0:6]} Qxa2 {[%emt 0:0:0]} 23. Qc6+ {[%emt 0:1:22]} Kf8 {[%emt 0:0:2]} 24. Ra1 {[%emt 0:0:35]} Qe6 {[%emt 0:1:39]} 25. Qxe6 {[%emt 0:0:16]} Bxe6 {[%emt 0:0:1]} 26. Rxa7 {[%emt 0:0:1]
} h4 {[%emt 0:1:18]} 27. Bxb6 {[%emt 0:0:37]} Rb8 {[%emt 0:0:0]} 28. Bd4 {[%emt 0:0:3]} Bb4 {[%emt 0:0:34]} 29. Rd1 {[%emt 0:0:20]} Rd8 {[%emt 0:1:3]} 30. Bb6 {[%emt 0:0:21]} Rb8 {[%emt 0:0:14]} 31. Be3 {[%emt 0:0:18]
} Kg7 {[%emt 0:0:13]} 32. Nf3 {[%emt 0:0:11]} d2 {[%emt 0:0:0]} 33. Nd4 {[%emt 0:0:34]} Rhe8 {[%emt 0:0:32]} 34. Rc7 {[%emt 0:1:11]} Ba5 {[%emt 0:0:21]} 35. Nxe6+ {[%emt 0:0:17]} Rxe6 {[%emt 0:0:1]} 36. Rc2 {[%emt 0:0:1]
} Bb6 {[%emt 0:0:40]} 37. Bxb6 {[%emt 0:0:28]} Rbxb6 {[%emt 0:0:0]} 38. Rdxd2 {[%emt 0:0:31]} Rb4 {[%emt 0:0:1]} 39. Rf2 {[%emt 0:0:12]
} Reb6 {[%emt 0:0:5]} 40. Kf1 {[%emt 0:0:9]} Re4 {[%emt 0:0:17]} 41. Rce2 {[%emt 0:0:18]} Rd4 {[%emt 0:0:2]} 42. Ke1 {[%emt 0:1:8]} Rc6 {[%emt 0:0:0]} 43. Rd2 {[%emt 0:0:8]} Re4+ {[%emt 0:0:1]} 44. Kd1 {[%emt 0:0:4]} Rcc4 {[%emt 0:0:4]} 45. Rd7 {[%emt 0:0:21]} Kg8 {[%emt 0:0:21]} 46. f5 {[%emt 0:0:12]
} Rxe5 {[%emt 0:0:17]} 47. fxg6 {[%emt 0:0:14]} fxg6 {[%emt 0:0:0]} 48. Rc2 {[%emt 0:0:38]} Re1+ {[%emt 0:0:28]} 49. Kxe1 {[%emt 0:0:2]
} Rxc2 {[%emt 0:0:1]} 50. Rd2 {[%emt 0:0:2]} Rc1+ {[%emt 0:0:1]} 51. Ke2 {[%emt 0:0:5]} Kf7 {[%emt 0:0:2]} 52. Kd3 {[%emt 0:0:10]} Ke6 {[%emt 0:0:0]} 53. Rc2 {[%emt 0:0:3]} Rf1 {[%emt 0:0:17]} 54. b4 {[%emt 0:0:20]} g5 {[%emt 0:0:24]
} 55. Kc4 {[%emt 0:0:10]} g4 {[%emt 0:0:10]} 56. hxg4 {[%emt 0:0:0]} Rf4+ {[%emt 0:0:1]} 57. Kc5 {[%emt 0:0:3]} Rxg4 {[%emt 0:0:1]} 58. Rd2 {[%emt 0:0:6]} Ke5 {[%emt 0:0:43]} 59. b5 {[%emt 0:0:8]} Rg3 {[%emt 0:0:1]
} 60. b6 {[%emt 0:0:8]} Rc3+ {[%emt 0:0:2]} 61. Kb5 {[%emt 0:0:0]} Rb3+ {[%emt 0:0:1]} 62. Kc6 {[%emt 0:0:6]} Kf4 {[%emt 0:0:2]} 63. Rc2 {[%emt 0:0:13]} 1-0

[Event "FIDE World Rapid-ch Open 2018"]
[White "Esipenko, Andrey"]
[Black "Tukhaev, Adam"]
[Site "St. Petersburg"]
[Round "14.49"]
[Annotator "ChessBase"]
[Result "1/2-1/2"]
[Date "2018.12.28"]
[WhiteElo "2593"]
[BlackElo "2527"]
[PlyCount "93"]
[TimeControl "900+10"]

1. d4 {[%emt 0:0:0]} g6 {[%emt 0:0:8]} 2. Nf3 {[%emt 0:0:5]} Bg7 {[%emt 0:0:11]
} 3. g3 {[%emt 0:0:3]} Nf6 {[%emt 0:0:8]} 4. Bg2 {[%emt 0:0:0]} 0-0 {[%emt 0:0:12]} 5. 0-0 {[%emt 0:0:3]} d6 {[%emt 0:0:2]} 6. b3 {[%emt 0:0:2]
} a5 {[%emt 0:0:12]} 7. Bb2 {[%emt 0:0:28]} a4 {[%emt 0:0:7]} 8. c4 {[%emt 0:0:3]} axb3 {[%emt 0:0:20]} 9. axb3 {[%emt 0:0:2]} Rxa1 {[%emt 0:0:2]
} 10. Bxa1 {[%emt 0:0:2]} c6 {[%emt 0:0:2]} 11. Nbd2 {[%emt 0:0:18]
} Qa5 {[%emt 0:0:28]} 12. Qc2 {[%emt 0:0:4]} d5 {[%emt 0:0:0]} 13. Bc3 {[%emt 0:0:29]} Qd8 {[%emt 0:0:34]} 14. Ne5 {[%emt 0:4:1]} Bf5 {[%emt 0:0:17]} 15. Qb2 {[%emt 0:0:2]} Nfd7 {[%emt 0:3:15]} 16. Ra1 {[%emt 0:1:12]
} Nxe5 {[%emt 0:0:11]} 17. dxe5 {[%emt 0:0:2]} Be6 {[%emt 0:0:0]} 18. Bd4 {[%emt 0:1:3]} Nd7 {[%emt 0:0:44]} 19. cxd5 {[%emt 0:0:35]} cxd5 {[%emt 0:0:17]} 20. Nf3 {[%emt 0:0:45]} Qb8 {[%emt 0:0:7]} 21. h3 {[%emt 0:0:46]
} Rc8 {[%emt 0:0:5]} 22. g4 {[%emt 0:1:21]} Qc7 {[%emt 0:0:0]} 23. Ra7 {[%emt 0:0:33]} h6 {[%emt 0:1:26]} 24. e3 {[%emt 0:0:24]} Nb8 {[%emt 0:0:51]
} 25. Ra8 {[%emt 0:0:49]} Nc6 {[%emt 0:0:23]} 26. Rxc8+ {[%emt 0:0:2]
} Qxc8 {[%emt 0:0:0]} 27. Bc3 {[%emt 0:0:50]} h5 {[%emt 0:0:0]} 28. Nh4 {[%emt 0:2:28]} hxg4 {[%emt 0:0:8]} 29. hxg4 {[%emt 0:0:2]} Qd8 {[%emt 0:1:5]} 30. g5 {[%emt 0:0:48]} Qb6 {[%emt 0:0:12]} 31. Nf3 {[%emt 0:0:59]
} Bf8 {[%emt 0:1:28]} 32. Nd2 {[%emt 0:1:9]} Qd8 {[%emt 0:0:0]} 33. b4 {[%emt 0:0:13]} Bf5 {[%emt 0:0:5]} 34. b5 {[%emt 0:0:2]} Nb8 {[%emt 0:0:1]
} 35. Bb4 {[%emt 0:0:44]} e6 {[%emt 0:0:20]} 36. Bxf8 {[%emt 0:0:0]} Kxf8 {[%emt 0:0:2]} 37. Qa3+ {[%emt 0:0:3]} Kg7 {[%emt 0:0:2]} 38. Qa8 {[%emt 0:0:8]} Qxg5 {[%emt 0:0:31]} 39. f4 {[%emt 0:0:10]} Qg3 {[%emt 0:0:14]
} 40. Nf1 {[%emt 0:0:27]} Qg4 {[%emt 0:0:1]} 41. Nh2 {[%emt 0:0:0]} Qg3 {[%emt 0:0:8]} 42. Nf1 {[%emt 0:0:7]} Qg4 {[%emt 0:0:0]} 43. Nh2 {[%emt 0:0:1]} Qg3 {[%emt 0:0:5]} 44. Nf1 {[%emt 0:0:3]} Qg4 {[%emt 0:0:1]
} 45. Nh2 {[%emt 0:0:5]} Qg3 {[%emt 0:0:1]} 46. Nf1 {[%emt 0:0:0]} Qg4 {[%emt 0:0:1]} 47. Nh2 {[%emt 0:0:4]} 1/2-1/2

[Event "FIDE World Rapid-ch Open 2018"]
[White "Yilmaz, Mustafa"]
[Black "Potkin, Vladimir"]
[Site "St. Petersburg"]
[Round "14.50"]
[Annotator "ChessBase"]
[Result "0-1"]
[Date "2018.12.28"]
[WhiteElo "2636"]
[BlackElo "2597"]
[PlyCount "96"]
[TimeControl "900+10"]

1. d4 {[%emt 0:0:0]} Nf6 {[%emt 0:0:0]} 2. c4 {[%emt 0:0:0]} e6 {[%emt 0:0:0]} 3. Nf3 {[%emt 0:0:0]} d5 {[%emt 0:0:2]} 4. Nc3 {[%emt 0:0:0]} c6 {[%emt 0:0:3]} 5. e3 {[%emt 0:0:0]} Nbd7 {[%emt 0:0:1]} 6. Qc2 {[%emt 0:0:0]} Bd6 {[%emt 0:0:2]} 7. Bd3 {[%emt 0:0:2]} 0-0 {[%emt 0:0:3]} 8. 0-0 {[%emt 0:0:2]} e5 {[%emt 0:0:12]} 9. cxd5 {[%emt 0:0:19]} cxd5 {[%emt 0:0:2]
} 10. e4 {[%emt 0:0:23]} exd4 {[%emt 0:0:4]} 11. Nxd5 {[%emt 0:0:8]
} Nxd5 {[%emt 0:0:3]} 12. exd5 {[%emt 0:0:2]} h6 {[%emt 0:0:0]} 13. Nxd4 {[%emt 0:0:8]} Qh4 {[%emt 0:0:34]} 14. Nf3 {[%emt 0:0:42]} Qh5 {[%emt 0:0:2]} 15. Bh7+ {[%emt 0:0:12]} Kh8 {[%emt 0:0:1]} 16. Qf5 {[%emt 0:0:3]
} Qxf5 {[%emt 0:0:3]} 17. Bxf5 {[%emt 0:0:2]} Nf6 {[%emt 0:0:0]} 18. Bxc8 {[%emt 0:0:2]} Rfxc8 {[%emt 0:0:2]} 19. Rd1 {[%emt 0:0:0]} Rd8 {[%emt 0:0:2]} 20. Be3 {[%emt 0:0:23]} Be7 {[%emt 0:0:2]} 21. d6 {[%emt 0:0:2]} Rxd6 {[%emt 0:0:25]} 22. Rxd6 {[%emt 0:0:2]} Bxd6 {[%emt 0:0:0]} 23. Rd1 {[%emt 0:0:2]} Be7 {[%emt 0:0:37]} 24. g3 {[%emt 0:0:2]} Kg8 {[%emt 0:0:14]} 25. Kg2 {[%emt 0:0:12]} Kf8 {[%emt 0:1:22]} 26. Ne5 {[%emt 0:0:24]
} Ke8 {[%emt 0:1:38]} 27. Kf3 {[%emt 0:3:4]} Nh7 {[%emt 0:0:0]} 28. h4 {[%emt 0:2:20]} Nf8 {[%emt 0:0:2]} 29. h5 {[%emt 0:0:49]} f6 {[%emt 0:1:29]
} 30. Nc4 {[%emt 0:0:20]} Rc8 {[%emt 0:0:30]} 31. b3 {[%emt 0:0:0]} b6 {[%emt 0:0:22]} 32. Ke4 {[%emt 0:0:50]} Rc6 {[%emt 0:0:4]} 33. a4 {[%emt 0:0:36]} Ne6 {[%emt 0:0:46]} 34. Kf5 {[%emt 0:2:53]} Nc5 {[%emt 0:0:0]} 35. Bxc5 {[%emt 0:0:22]} Rxc5+ {[%emt 0:0:1]} 36. Kg6 {[%emt 0:0:0]} Rg5+ {[%emt 0:0:3]} 37. Kh7 {[%emt 0:0:1]} Rxh5 {[%emt 0:0:31]} 38. Kxg7 {[%emt 0:0:29]} Rg5+ {[%emt 0:0:2]} 39. Kxh6 {[%emt 0:2:11]} Bf8+ {[%emt 0:0:32]
} 40. Kh7 {[%emt 0:0:1]} Rg7+ {[%emt 0:0:5]} 41. Kh8 {[%emt 0:0:1]
} Rg5 {[%emt 0:0:14]} 42. Kh7 {[%emt 0:0:33]} Rg7+ {[%emt 0:0:0]} 43. Kh8 {[%emt 0:0:1]} Rg5 {[%emt 0:0:2]} 44. Rd3 {[%emt 0:0:37]} Kf7 {[%emt 0:2:26]} 45. g4 {[%emt 0:0:57]} Rxg4 {[%emt 0:0:27]} 46. Rh3 {[%emt 0:0:2]
} Bg7+ {[%emt 0:1:45]} 47. Kh7 {[%emt 0:0:1]} Rd4 {[%emt 0:0:0]} 48. Ne3 {[%emt 0:0:46]} Rd8 {[%emt 0:0:5]} 0-1

[Event "FIDE World Rapid-ch Open 2018"]
[White "Hakobyan, Aram"]
[Black "Vitiugov, Nikita"]
[Site "St. Petersburg"]
[Round "14.51"]
[Annotator "ChessBase"]
[Result "1/2-1/2"]
[Date "2018.12.28"]
[WhiteElo "2545"]
[BlackElo "2719"]
[PlyCount "84"]
[TimeControl "900+10"]

1. d4 {[%emt 0:0:0]} Nf6 {[%emt 0:0:0]} 2. c4 {[%emt 0:0:0]} e6 {[%emt 0:0:0]} 3. Nf3 {[%emt 0:0:0]} Bb4+ {[%emt 0:0:8]} 4. Bd2 {[%emt 0:0:5]} a5 {[%emt 0:0:20]} 5. g3 {[%emt 0:0:2]} b6 {[%emt 0:0:34]} 6. Bg2 {[%emt 0:0:0]} Bb7 {[%emt 0:0:2]} 7. 0-0 {[%emt 0:0:6]} 0-0 {[%emt 0:0:5]} 8. Bf4 {[%emt 0:0:8]} Be7 {[%emt 0:0:15]} 9. Nc3 {[%emt 0:0:21]} Ne4 {[%emt 0:0:0]} 10. Nb5 {[%emt 0:0:1]} Na6 {[%emt 0:1:53]} 11. Rc1 {[%emt 0:0:2]} c6 {[%emt 0:0:42]} 12. Nc3 {[%emt 0:0:2]} Nxc3 {[%emt 0:0:7]} 13. Rxc3 {[%emt 0:0:1]
} c5 {[%emt 0:0:31]} 14. d5 {[%emt 0:1:43]} exd5 {[%emt 0:0:0]} 15. cxd5 {[%emt 0:0:10]} Bf6 {[%emt 0:0:17]} 16. Be5 {[%emt 0:2:25]} d6 {[%emt 0:0:40]} 17. Bxf6 {[%emt 0:0:1]} Qxf6 {[%emt 0:0:2]} 18. e4 {[%emt 0:0:19]
} b5 {[%emt 0:0:16]} 19. a4 {[%emt 0:0:37]} bxa4 {[%emt 0:0:0]} 20. Nd2 {[%emt 0:0:17]} Nb4 {[%emt 0:0:3]} 21. Re1 {[%emt 0:1:11]} Ba6 {[%emt 0:0:12]} 22. e5 {[%emt 0:0:12]} dxe5 {[%emt 0:0:2]} 23. Ne4 {[%emt 0:0:1]
} Qb6 {[%emt 0:1:24]} 24. Nxc5 {[%emt 0:2:59]} Qd6 {[%emt 0:0:0]} 25. Ne4 {[%emt 0:0:58]} Qb6 26. Qh5 {[%emt 0:1:59]} Nxd5 {[%emt 0:1:6]
} 27. Rc5 {[%emt 0:0:32]} Nb4 {[%emt 0:1:5]} 28. Rec1 {[%emt 0:3:48]} h6 {[%emt 0:0:35]
} 29. Rc7 {[%emt 0:1:21]} Rac8 {[%emt 0:1:4]} 30. Rxc8 {[%emt 0:0:8]
} Rxc8 {[%emt 0:0:3]} 31. Rxc8+ {[%emt 0:0:8]} Bxc8 {[%emt 0:0:0]} 32. Qxe5 {[%emt 0:0:1]} Be6 {[%emt 0:0:19]} 33. Nc5 {[%emt 0:0:22]} Qb5 {[%emt 0:1:24]} 34. Bf1 {[%emt 0:0:9]} Bc4 {[%emt 0:2:53]} 35. Bxc4 {[%emt 0:0:5]
} Qxc4 {[%emt 0:0:2]} 36. Qe8+ {[%emt 0:0:8]} Kh7 {[%emt 0:0:0]} 37. Nd7 {[%emt 0:0:14]} g6 {[%emt 0:1:14]} 38. Qe7 {[%emt 0:0:10]} Nc6 {[%emt 0:0:32]} 39. Nf6+ {[%emt 0:0:6]} Kg7 {[%emt 0:0:1]} 40. Ne8+ {[%emt 0:0:2]
} Kg8 {[%emt 0:0:2]} 41. Nf6+ {[%emt 0:0:2]} Kg7 {[%emt 0:0:0]} 42. Ne8+ {[%emt 0:0:1]} Kg8 1/2-1/2

[Event "FIDE World Rapid-ch Open 2018"]
[White "Adly, Ahmed"]
[Black "Popov, Valerij"]
[Site "St. Petersburg"]
[Round "14.52"]
[Annotator "ChessBase"]
[Result "1-0"]
[Date "2018.12.28"]
[WhiteElo "2626"]
[BlackElo "2532"]
[PlyCount "95"]
[TimeControl "900+10"]

1. d4 {[%emt 0:0:0]} d5 {[%emt 0:0:0]} 2. Nf3 {[%emt 0:0:0]} e6 {[%emt 0:0:0]} 3. g3 {[%emt 0:0:0]} Nf6 {[%emt 0:0:59]} 4. Bg2 {[%emt 0:0:0]} Be7 {[%emt 0:0:21]} 5. 0-0 {[%emt 0:0:2]} 0-0 {[%emt 0:0:2]} 6. c4 {[%emt 0:0:0]} c6 {[%emt 0:0:7]} 7. Qc2 {[%emt 0:0:6]} b6 {[%emt 0:0:20]} 8. Rd1 {[%emt 0:0:31]} Nbd7 {[%emt 0:0:49]} 9. Ne5 {[%emt 0:0:21]} Bb7 {[%emt 0:0:0]} 10. Nc3 {[%emt 0:0:5]} Rc8 {[%emt 0:0:37]} 11. e4 {[%emt 0:0:35]} dxc4 {[%emt 0:1:28]} 12. Nxc4 {[%emt 0:0:12]} b5 {[%emt 0:0:10]} 13. Ne3 {[%emt 0:0:5]
} Qb6 {[%emt 0:0:26]} 14. a4 {[%emt 0:0:27]} Rfd8 {[%emt 0:0:0]} 15. a5 {[%emt 0:2:25]} Qa6 {[%emt 0:0:13]} 16. e5 {[%emt 0:0:16]} Nd5 {[%emt 0:0:7]
} 17. Be4 {[%emt 0:0:8]} Nf8 {[%emt 0:0:48]} 18. Nexd5 {[%emt 0:0:30]
} cxd5 {[%emt 0:0:36]} 19. Bd3 {[%emt 0:0:1]} Qc6 {[%emt 0:0:0]} 20. Qe2 {[%emt 0:0:10]} a6 {[%emt 0:1:1]} 21. Qg4 {[%emt 0:0:4]} Rc7 {[%emt 0:1:4]} 22. Ne2 {[%emt 0:0:36]} Rdc8 {[%emt 0:0:39]} 23. Bh6 {[%emt 0:0:6]
} Ng6 {[%emt 0:0:2]} 24. Bd2 {[%emt 0:0:12]} Nf8 {[%emt 0:0:0]} 25. h4 {[%emt 0:0:32]} Qe8 {[%emt 0:0:50]} 26. h5 {[%emt 0:1:49]} Kh8 {[%emt 0:0:4]
} 27. Re1 {[%emt 0:1:32]} Qd8 {[%emt 0:0:11]} 28. Kg2 {[%emt 0:0:0]} b4 {[%emt 0:0:49]} 29. Nf4 {[%emt 0:0:53]} Ra8 {[%emt 0:0:47]} 30. Rh1 {[%emt 0:0:21]} Kg8 {[%emt 0:0:25]} 31. Rh3 {[%emt 0:1:10]} Rc4 {[%emt 0:0:1]
} 32. Be3 {[%emt 0:0:33]} Bc6 {[%emt 0:0:5]} 33. Ng6 {[%emt 0:0:0]} Bc5 {[%emt 0:0:8]} 34. Nh4 {[%emt 0:1:13]} Kh8 {[%emt 0:0:19]} 35. Qf3 {[%emt 0:0:15]} Rxd4 {[%emt 0:0:39]} 36. Bxd4 {[%emt 0:0:46]} Bxd4 {[%emt 0:0:1]
} 37. Qxf7 {[%emt 0:0:1]} Ra7 {[%emt 0:0:14]} 38. Qf4 {[%emt 0:0:17]
} Bxb2 {[%emt 0:0:7]} 39. Rb1 {[%emt 0:0:35]} Bc3 {[%emt 0:0:0]} 40. Ng6+ {[%emt 0:0:3]} Kg8 {[%emt 0:0:1]} 41. Nxf8 {[%emt 0:0:2]} d4+ {[%emt 0:0:14]} 42. f3 {[%emt 0:0:20]} Rf7 {[%emt 0:0:1]} 43. Nxe6 {[%emt 0:0:1]
} Qe7 {[%emt 0:0:52]} 44. Bxh7+ {[%emt 0:0:40]} Kh8 {[%emt 0:0:0]} 45. Bf5 {[%emt 0:0:28]} Bd7 {[%emt 0:0:20]} 46. Nxg7 {[%emt 0:0:19]} Rxg7 {[%emt 0:0:10]} 47. e6 {[%emt 0:0:27]} Bxe6 {[%emt 0:0:54]} 48. Qh6+ {[%emt 0:0:6]
} 1-0

[Event "FIDE World Rapid-ch Open 2018"]
[White "Sychev, Klementy"]
[Black "Vallejo Pons, Francisco"]
[Site "St. Petersburg"]
[Round "14.53"]
[Annotator "ChessBase"]
[Result "0-1"]
[Date "2018.12.28"]
[WhiteElo "2537"]
[BlackElo "2695"]
[PlyCount "48"]
[TimeControl "900+10"]

1. e4 {[%emt 0:0:0]} e5 {[%emt 0:0:0]} 2. Nf3 {[%emt 0:0:0]} Nc6 {[%emt 0:0:0]
} 3. Bb5 {[%emt 0:0:3]} a6 {[%emt 0:0:0]} 4. Ba4 {[%emt 0:0:0]} b5 {[%emt 0:0:0]} 5. Bb3 {[%emt 0:0:2]} Na5 {[%emt 0:0:0]} 6. 0-0 {[%emt 0:0:26]
} d6 {[%emt 0:0:3]} 7. d4 {[%emt 0:0:1]} exd4 {[%emt 0:0:6]
} 8. Qxd4 {[%emt 0:1:46]} Bb7 {[%emt 0:0:5]} 9. Bg5 {[%emt 0:2:10]} Ne7 {[%emt 0:0:17]
} 10. Qd3 {[%emt 0:0:26]} h6 {[%emt 0:0:38]} 11. Bh4 {[%emt 0:0:0]} g5 {[%emt 0:0:31]} 12. Bg3 {[%emt 0:5:27]} Bg7 {[%emt 0:0:6]} 13. c3 {[%emt 0:0:30]} Nxb3 {[%emt 0:0:55]} 14. axb3 {[%emt 0:0:2]} 0-0 {[%emt 0:0:25]
} 15. h4 {[%emt 0:0:22]} f5 {[%emt 0:3:3]} 16. exf5 {[%emt 0:0:0]} Nxf5 {[%emt 0:0:6]} 17. hxg5 {[%emt 0:0:4]} hxg5 {[%emt 0:0:4]} 18. Nbd2 {[%emt 0:0:21]} g4 {[%emt 0:0:7]} 19. Nd4 {[%emt 0:0:20]} Nxd4 {[%emt 0:0:35]
} 20. cxd4 {[%emt 0:0:2]} Qg5 {[%emt 0:0:2]} 21. Rfc1 {[%emt 0:1:36]
} Qd5 {[%emt 0:1:4]} 22. Qf1 {[%emt 0:0:2]} Rf7 {[%emt 0:0:0]} 23. Rc3 {[%emt 0:0:24]} Bxd4 {[%emt 0:1:4]} 24. Rd3 {[%emt 0:0:1]} Rh7 {[%emt 0:1:4]} 0-1

[Event "FIDE World Rapid-ch Open 2018"]
[White "Vastrukhin, Oleg"]
[Black "Roiz, Michael"]
[Site "St. Petersburg"]
[Round "14.54"]
[Annotator "ChessBase"]
[Result "1/2-1/2"]
[Date "2018.12.28"]
[WhiteElo "2413"]
[BlackElo "2605"]
[PlyCount "54"]
[TimeControl "900+10"]

1. Nf3 {[%emt 0:0:0]} Nf6 {[%emt 0:0:4]} 2. g3 {[%emt 0:0:0]} c5 {[%emt 0:0:6]
} 3. Bg2 {[%emt 0:0:0]} Nc6 {[%emt 0:0:2]} 4. 0-0 {[%emt 0:0:0]} e5 {[%emt 0:0:2]} 5. c4 {[%emt 0:0:2]} d5 {[%emt 0:0:3]} 6. cxd5 {[%emt 0:0:52]} Nxd5 {[%emt 0:0:2]} 7. Nc3 {[%emt 0:0:1]} Be6 {[%emt 0:0:0]} 8. Ng5 {[%emt 0:1:9]} Qxg5 {[%emt 0:0:5]} 9. Nxd5 {[%emt 0:0:2]} Qd8 {[%emt 0:0:3]} 10. e4 {[%emt 0:1:59]} Bd6 {[%emt 0:0:36]} 11. d3 {[%emt 0:0:0]} 0-0 {[%emt 0:0:6]} 12. Be3 {[%emt 0:0:4]} Qd7 {[%emt 0:0:50]} 13. Rc1 {[%emt 0:0:33]} b6 {[%emt 0:0:1]} 14. a3 {[%emt 0:0:2]} Ne7 {[%emt 0:0:0]} 15. Nxe7+ {[%emt 0:3:40]} Bxe7 {[%emt 0:0:6]} 16. f4 {[%emt 0:0:7]
} Rad8 {[%emt 0:2:17]} 17. Rc3 {[%emt 0:0:5]} exf4 {[%emt 0:1:10]} 18. gxf4 {[%emt 0:0:21]} f5 {[%emt 0:0:2]} 19. Qf3 {[%emt 0:0:24]} Bf6 {[%emt 0:0:0]} 20. e5 {[%emt 0:0:8]} Be7 {[%emt 0:0:1]} 21. Qc6 {[%emt 0:1:34]} Bd5 {[%emt 0:0:31]} 22. Qxd7 {[%emt 0:0:51]} Rxd7 {[%emt 0:0:1]} 23. Bh3 {[%emt 0:1:23]
} Be6 {[%emt 0:1:6]} 24. Kf2 {[%emt 0:0:2]} Kf7 {[%emt 0:0:0]} 25. Ke2 {[%emt 0:0:13]} Rfd8 {[%emt 0:0:9]} 26. Rb1 {[%emt 0:0:20]} a5 {[%emt 0:0:21]} 27. Bg2 {[%emt 0:0:18]} g6 {[%emt 0:1:49]} 1/2-1/2